<?xml version="1.0" encoding="UTF-8"?>
<collection xmlns="http://www.loc.gov/MARC21/slim">
 <record>
  <leader>00939nam a22002298a 4500</leader>
  <controlfield tag="001">00016330</controlfield>
  <controlfield tag="005">20190730100711.0</controlfield>
  <controlfield tag="008">110407s2003                  ||||||Viesd</controlfield>
  <datafield tag="020" ind1="#" ind2="#">
   <subfield code="c">17500</subfield>
  </datafield>
  <datafield tag="041" ind1="0" ind2="#">
   <subfield code="a">Vie</subfield>
  </datafield>
  <datafield tag="082" ind1="1" ind2="4">
   <subfield code="a">610.28</subfield>
   <subfield code="b">K300TH</subfield>
  </datafield>
  <datafield tag="100" ind1="0" ind2="#">
   <subfield code="a">Nguyễn Vũ Sơn</subfield>
  </datafield>
  <datafield tag="245" ind1="0" ind2="0">
   <subfield code="a">Kĩ thuật điện tử ứng dụng</subfield>
   <subfield code="c">Nguyễn Vũ Sơn</subfield>
  </datafield>
  <datafield tag="260" ind1="#" ind2="#">
   <subfield code="a">Hà Nội</subfield>
   <subfield code="b">Giáo dục</subfield>
   <subfield code="c">2003</subfield>
  </datafield>
  <datafield tag="300" ind1="#" ind2="#">
   <subfield code="a">148 tr.</subfield>
   <subfield code="b">Hình vẽ</subfield>
   <subfield code="c">27 cm.</subfield>
  </datafield>
  <datafield tag="650" ind1="#" ind2="4">
   <subfield code="a">Kĩ thuật điện tử</subfield>
  </datafield>
  <datafield tag="653" ind1="#" ind2="#">
   <subfield code="a">Ứng dụng</subfield>
   <subfield code="a">Y học</subfield>
   <subfield code="a">Siêu âm</subfield>
   <subfield code="a">Điện tâm đồ</subfield>
  </datafield>
  <datafield tag="852" ind1="#" ind2="#">
   <subfield code="b">Kho mượn</subfield>
   <subfield code="j">KM.0000419, KM.0000418, KM.0000436, KM.0004828</subfield>
  </datafield>
  <datafield tag="852" ind1="#" ind2="#">
   <subfield code="b">Kho đọc</subfield>
   <subfield code="j">KD.0001611</subfield>
  </datafield>
  <datafield tag="852" ind1="#" ind2="#">
   <subfield code="j">KD.0001611</subfield>
   <subfield code="j">KM.0004828</subfield>
   <subfield code="j">KM.0000436</subfield>
   <subfield code="j">KM.0000419</subfield>
   <subfield code="j">KM.0000418</subfield>
   <subfield code="j">KM.0031067</subfield>
   <subfield code="j">KM.0031068</subfield>
   <subfield code="j">KM.0031069</subfield>
   <subfield code="j">KM.0031070</subfield>
  </datafield>
  <datafield tag="910" ind1="#" ind2="#">
   <subfield code="d">07/04/2011</subfield>
   <subfield code="e">dtchanh</subfield>
   <subfield code="f">30/07/2019</subfield>
  </datafield>
  <datafield tag="980" ind1="#" ind2="#">
   <subfield code="a">Trung tâm Học liệu Lê Vũ Hùng, Trường Đại học Đồng Tháp</subfield>
  </datafield>
 </record>
</collection>
